František Volf výstava maliarskej a literárnej tvorby

Bibliographic Details
Other Authors: Filiač, Štefan (Compiler)
Format: Book
Language:Slovak
PhysicalDescription:6 s. 21x14,5 cm.
Published: Púchov Mestské kultúrne stredisko 1986
Edition:1. vyd.
Subjects:

MARC

LEADER 00000cam a2200000 a 4500
001 vtls001198207
003 SK-MaSNL
005 20260301154351.0
008 210928s1986 xo 00000 slo
035 |a SNK000141276 
040 |a SNK  |b slo  |c SNK  |e AACR2 
041 0 |a slo 
044 |a xo  |c SK 
080 |a 76.071.1+82:061.4(083.9)  |2 1981 
080 |a 82  |2 1981 
080 |a 061.4(083.9)  |2 1981 
080 |a 929 Volf, František  |2 1981 
245 0 |a František Volf  |b výstava maliarskej a literárnej tvorby  |c Štefan Filiač, Václav Pála 
250 |a 1. vyd. 
260 |a Púchov  |b Mestské kultúrne stredisko  |c 1986 
300 |a 6 s.  |c 21x14,5 cm. 
500 |a Katalóg. Rozmn. 
500 |a Uspor. Mestské kultúrne stredisko a DK ROH, Púchov v dňoch 11. - 28. septembra 1986. Zost Štefan Filiač. Komisár. výst. Václav Pala 
600 1 7 |a Volf, František,  |d 1897-1983  |2 SNKMA  |9 37660 
648 7 |a 1986  |2 SNKPH  |9 358339 
651 7 |a Púchov (Slovensko)  |2 SNKPH  |9 29506 
655 7 |a katalógy výstav  |2 SNK  |9 70445 
700 1 |a Filiač, Štefan  |4 com  |9 440965 
700 1 |a Pála, Václav,  |d 1941-  |4 oth  |9 8295 
958 |a RM 
958 |a OND 
999 |c 796613  |d 798543 
952 |t P60, <04>, [BOOK], {604}  |a SNK  |b SNK  |y VYP  |7 0  |p 17A0111174  |o snkOSC 10560 D1  |0 0  |1 0  |4 0  |d 1997-12-04  |l 0  |r 2005-01-01 00:00:00  |w 2026-02-24